00439nam a2200121Ia 4500008004100000245006600041245004000107260000900147650002100156856004800177999001900225952007300244171204s9999 xx 000 0 und d 4aThe Wiley Handbook on the Cognitive Neuroscience of Learning: cRobert C. Honey and Robin A. Murphy c2016 xNEURO PSYCHOLOGY uhttp://down.ebook777.com/044/1118650948.pdf c346458d346458 001040aCLbCLd2017-12-04l0r2017-12-04 00:00:00w2017-12-04yCBE